What's in a DC Name? Quiz Stats

 Plays Quiz Updated Aug 2, 2017

Support Sporcle.
Go Orange.
Score 0/20 Timer 03:00
0 Plays Today
% Correct
Scarecrow
92.9%
Arrow
92.9%
Atom
92.7%
Joker
92.7%
Cyborg
92.6%
Penguin
91.6%
Enchantress
90.4%
Flash
89.2%
Lane
87.6%
Dent
87.5%
% Correct
Irons
87.1%
Hex
86.6%
Wonder
85%
Oracle
82%
Spectre
80.8%
Grifter
79.8%
John
77.7%
Static
72.4%
Jade
64.9%
Plastic
62.4%

You're not logged in!

Compare scores with friends on all Sporcle quizzes.
OR
Log In
Forgot?

From the Vault

The Rock's WWE PPV Opponents

by djohnson87

The Rock has so many catchphrases, you could probably spend this entire quiz reciting them.
Remove Ads.
Support Sporcle.
Get the best of Sporcle when you Go Orange. This ad-free experience offers more features, more stats, and more fun while also helping to support Sporcle. Thank you for becoming a member.

Show Comments

Extras

Top Quizzes Today


Score Distribution

Your Account Isn't Verified!

In order to create a playlist on Sporcle, you need to verify the email address you used during registration. Go to your Sporcle Settings to finish the process.

Report this User

Report this user for behavior that violates our Community Guidelines.

Details: